Statistics for 2023年东南亚百万人口城市

Click here to take the quiz!

General Stats

  • This quiz has been taken 168 times
  • The average score is 15 of 33

Answers on the Map

Answers color-coded by a green-red scale on the quiz's map according to % correct below.
 

Answer Stats

人口(万)城市% Correct
1,350胡志明市 / 边和
98%
2,890雅加达
95%
2,050曼谷
95%
775新加坡 / 新山
95%
910吉隆坡 / 巴生市
94%
700河内
94%
2,670马尼拉 / 奎松市
94%
275金边
90%
600仰光
89%
690万隆
67%
169曼德勒
55%
202.5槟城
54%
143岘港
53%
590泗水
50%
142海防
43%
270宿务
35%
165达沃
34%
174巨港
33%
210三宝垄
30%
148春武里 / 芭提雅
27%
177望加锡
26%
415棉兰
26%
178日惹
21%
119登巴萨
13%
109北干巴鲁
9%
174玛琅
6%
120巴淡
6%
120西冷
5%
166梭罗
4%
119井里汶
4%
170安赫勒斯
3%
137班达楠榜
3%
122加拉璜
2%

Score Distribution

Percentile by Number Answered

Percent of People with Each Score

Your Score History

You have not taken this quiz